00576nam a2200109Ia 4500008004100000245003900041300021600080650000900296856007000305999001900375952007200394170517s9999 xx 000 0 und d aDavid Guetta: Nothing But the Beat aDavid Guetta, popular French house music producer and DJ, tells the story of himself and the electronic music. "I cannot look at myself in the mirror if I do not give 100 percent. My ambition is new each day,... xArt. uhttp://topdocumentaryfilms.com/david-guetta-nothing-but-the-beat/ c333130d333130 001040aCLbCLd2017-05-17l0r2017-05-17 00:00:00w2017-05-17yDF